01320nam a22002537a 45000010005000000030006000050050017000110080041000280200017000690400029000860500019001150820011001341000017001452450072001622600044002343000061002785050008003395200568003475210029009155210020009446500032009646500039009967000031010359993FISKH20260324153919.0260324b cb ||||| |||| 00| 0 eng d a078814000790 aFISKHbengcFISKHdFISKH aPZ7 .W6458 .G5 a813.54 aWilde , Irma aThe giraffe who went to school / cStory and pictures by Irma Wilde aLos Angeles : bWonder Books , c1951 . a23 unnumbered pages : bcolor illustrations ; c21 cm .  aK  aThis charming children’s story is about a young giraffe who goes to school for the first time. Because of his very long neck and tall body, he finds it difficult to fit in with the other students. Simple things like sitting in the classroom, joining activities, or feeling comfortable become a challenge. At first, the giraffe feels different and a bit left out. However, as the story continues, the teacher and classmates begin to understand him better and help him adjust. They find ways to include him, and the giraffe learns that being different is okay. 8 a510 bLexile estimate 8 aK bRaz-Plus  aGiraffevChildren's fiction aBack to schoolvChildren's fiction aWilde , IrmaeIllustrator